=LDR 00000nam 2200000 4500 =001 INLIS000000000021928 =005 20130612120735 =008 ***********************************Ind** =035 ##$$0010-061300000021928 =041 ##$$a Ind =082 ##$$a 813 =090 ##$$a 813, Wel p =100 ##$$a Wellas, HG =245 ##$$a Pulau dokter moreau, HG. Wellas =260 ##$$a 2005 $b Yogyakarta =300 ##$$a 264 hlm, ilus, 18 cm =650 ##$$a Fiksi Indonesia =850 ##$$a NBPNMAT